00581nam a2200169 4500001000700000003000900007005001700016007000300033008004100036100003900077245005100116260004100167300003200208852003200240999001900272952012000291137937ES-MaACL20230906195454.0t|070214s1946 sp r ||||1| spa d1 aSánchez Estevan, Ismael.910262710aMaría Guerrero / cIsmael Sánchez Estevan. aBarcelona : bJoaquín Gil, c1946. a319 p., 7 lám. ; c19 cm. aES-MaACLjB-10657 bR.22791 c137937d137937 00104070aATENEOMbATENEOMcSPBd2008-01-17eSCl0oB-10657p1143537r2023-02-23 00:00:00w2023-02-23yMONOGRAFIA